[Event "Asian Junior-ch 2017-Open"]
[Site "Shiraz"]
[Date "2017.05.04"]
[Round "2.3"]
[White "Mousavi, Seyed Khalil"]
[Black "Korevand, Sina"]
[Result "1-0"]
[WhiteElo "2435"]
[BlackElo "2198"]
[Annotator "TA"]
[PlyCount "69"]
[EventDate "2017.??.??"]
[EventType "swiss"]
[EventCountry "IRI"]
[SourceTitle "playchess.com"]
[Source "ChessBase"]
[SourceQuality "1"]

{[%evp 14,69,-29,-36,-1,-1,-10,-12,-14,-22,-27,-22,-12,-29,-20,-31,-28,-25,-16,-44,-23,-20,-22,-39,-39,-60,-45,-38,-8,-29,-13,-42,0,0,0,0,0,0,0,0,789,784,775,744,668,514,997,918,1355,1339,2156,2444,5297,5089,29975,29976,29973,29972]} 1. d4 Nf6 2. Nf3 g6 3. Nbd2 Bg7 4. e4 O-O 5. Bc4 {A48: 1 d4 Nf6 2 Nf3 g6: Torre, London and Colle Systems} (5. Bd3 d6 6. O-O Nc6 7. c3 e5 8. h3 a5 9. Re1 Bd7 10. Nf1 Nh5 11. Bc2 h6 12. Ne3 Nf4 13. Nd5 Ne6 14. Be3 Kh7 15. Qd2 a4 16. Rad1 {1-0 (40) Aronian,L (2803)-Giri,A (2734) Beijing 2013}) 5... Nxe4 6. Nxe4 d5 7. Bd3 dxe4 8. Bxe4 {LiveBook: 4 Games} Nd7 9. O-O c5 10. Be3 Nf6 11. Bd3 Nd5 12. c3 Qc7 $146 ({Predecessor (2):} 12... Nxe3 13. fxe3 Qc7 14. Qe2 Bd7 {1-0 (56) Savalla,P (1859)-Rizza,F (2039) Erice 2012}) 13. Qb3 cxd4 14. cxd4 ({Reject} 14. Qxd5 dxe3 15. Qc4 Qb6 $17) 14... Nxe3 15. fxe3 Be6 16. Qa3 a6 17. Rac1 Qd7 18. Be4 Rac8 19. h4 Rxc1 20. Rxc1 Bf6 21. Qa5 Rc8 22. Rc3 Bf5 (22... Rxc3 {seems wilder.} 23. bxc3 Qc8 24. Qc5 Qxc5 25. dxc5 Bc8) 23. Bxf5 gxf5 24. Ne5 Bxe5 25. Qxe5 Rxc3 26. bxc3 Qe6 $2 {[%mdl 8192] [#]} (26... f6 $11 27. Qb8+ Kg7) 27. Qxe6 $18 fxe6 {[%mdl 4096] Endgame KP-KP} 28. Kf2 Kf7 29. Kf3 Kg6 (29... Kf6 $142 30. Kf4 b5) 30. Kf4 Kf6 31. a4 a5 32. c4 {[%cal Bc3c4,Bc4c5][%mdl 32]} h6 33. h5 Kg7 34. Ke5 Kf7 35. c5 {Precision: White = 71%, Black = 29%.} 1-0

[Event "Asian Junior-ch 2017-Open"]
[Site "Shiraz"]
[Date "2017.05.04"]
[Round "2.4"]
[White "Hamidi, Amir Mohammad"]
[Black "Gholami, Aryan"]
[Result "0-1"]
[WhiteElo "2187"]
[BlackElo "2423"]
[Annotator "TA"]
[PlyCount "62"]
[EventDate "2017.??.??"]
[EventType "swiss"]
[EventCountry "IRI"]
[SourceTitle "playchess.com"]
[Source "ChessBase"]
[SourceQuality "1"]

{[%evp 9,62,3,19,22,21,10,-3,2,4,6,17,15,14,7,31,29,37,11,46,0,0,-14,-2,-14,-14,-6,0,-82,-62,-62,0,-104,-106,-139,-127,-137,-138,-236,-226,-269,-250,-263,-262,-264,-268,-257,-220,-505,-497,-655,-628,-902,-892,-1006,-1024]} 1. d4 Nf6 2. c4 e6 3. Nc3 Bb4 4. Nf3 c5 5. g3 Ne4 6. Bd2 {E20: Nimzo-Indian: 4 g3 and 4 f3} (6. Qc2 Qa5 7. Qxe4 Bxc3+ 8. Bd2 Bxd2+ 9. Nxd2 Nc6 10. dxc5 Qxc5 11. Bg2 b5 12. Qe3 Qxe3 13. fxe3 bxc4 14. Bxc6 dxc6 15. Nxc4 Ba6 16. Nd2 Rb8 17. b3 Ke7 {½-½ (42) Caruana,F (2820)-Radjabov,T (2734) Wijk aan Zee 2015}) 6... Bxc3 7. bxc3 (7. Bxc3 {seems wilder.} b6 8. Bg2 Bb7 9. Qd3 Nxc3 10. bxc3 cxd4 11. cxd4 Nc6 12. d5) 7... b6 8. Bg2 {The position is equal.} Bb7 9. O-O O-O 10. Be3 Nc6 {[%cal Bb8c6,Bc6e5,Be5c4][%mdl 32]} 11. dxc5 bxc5 12. Qd3 $146 ({Predecessor:} 12. Nd2 Nxc3 13. Qe1 Na4 14. Rb1 Rb8 15. Ne4 Nd4 16. Nxc5 Nxc5 17. Bxd4 Bxg2 18. Kxg2 {1-0 (40) Bareev,E (2634)-Karpov,A (2619) Moscow 2009}) 12... f5 13. Rfd1 d6 14. Rab1 Ba6 15. Nd2 Ne5 16. Qc2 Nxd2 (16... Nxc4 $6 17. Nxc4 (17. Nxe4 fxe4 18. Qxe4 Qf6 $11) (17. Bxe4 Nxe3 18. fxe3 fxe4 19. Nxe4 Qe7 $11) 17... Bxc4 18. Bxe4 fxe4 19. Bxc5 $1 $16 {[%mdl 512]} (19. Qxe4 Bxa2 20. Ra1 Bb3 $11)) 17. Bxd2 {And now Bf4 would win.} Rb8 18. Qa4 (18. Rxb8 $11 Qxb8 19. Bf4 (19. Rb1 Qe8 $17)) 18... Rxb1 19. Rxb1 Qc8 ({Much weaker is} 19... Nxc4 $6 20. Qxa6 Nxd2 21. Rd1 $16) ({Black should play} 19... Bxc4 $15 20. Bf4 Bxe2) 20. Bf4 (20. Bg5 $1 $11 {keeps the balance.}) 20... Nxc4 $17 21. Qc6 Qxc6 22. Bxc6 Kf7 23. e4 {[#]} (23. Ba4 $17) 23... Rc8 $1 $19 {[%cal Rc8c6]} 24. Bd7 Rc7 ({Inferior is} 24... fxe4 25. Bxc8 Bxc8 26. Rb8 $16) 25. Ba4 e5 26. Bc1 fxe4 27. Rb8 Rb7 28. Ra8 $2 (28. Rxb7+ {might work better.} Bxb7 29. Bb5) 28... Nb6 {Black is clearly winning.} 29. Be8+ Ke6 30. Rd8 {Now Bc6 and White clings on.} Nd5 31. Kg2 Rb1 {Precision: White = 49%, Black = 94%.} 0-1

[Event "Asian Junior-ch 2017-Open"]
[Site "Shiraz"]
[Date "2017.05.04"]
[Round "2.5"]
[White "Harsha Bharathakoti"]
[Black "Kumar, Gaurav"]
[Result "1-0"]
[WhiteElo "2413"]
[BlackElo "2176"]
[Annotator "TA"]
[PlyCount "99"]
[EventDate "2017.??.??"]
[EventType "swiss"]
[EventCountry "IRI"]
[SourceTitle "playchess.com"]
[Source "ChessBase"]
[SourceQuality "1"]

{[%evp 21,99,10,75,74,75,37,40,14,28,25,24,10,102,89,145,0,116,46,156,1,39,-6,70,63,57,58,78,20,347,354,365,273,268,257,248,261,387,389,381,387,375,378,520,526,541,297,259,150,157,98,318,196,176,93,219,216,224,195,216,184,200,215,329,314,339,307,854,848,727,716,727,702,29982,29983,29983,29982,29981,29984,29982,29979]} 1. e4 c5 2. Nf3 Nc6 3. g3 g6 4. Bg2 Bg7 5. O-O d6 6. c3 e5 7. d3 Nge7 8. Na3 {A04: Unusual lines after 1 Nf3 and King's Indian Attack} (8. a3 O-O 9. b4 b6 10. Nbd2 h6 11. Bb2 Kh7 12. Nc4 Be6 13. b5 Nb8 14. a4 Qc7 15. Nfd2 Nd7 16. f4 exf4 17. gxf4 d5 18. Ne3 {0-1 (39) Amin,B (2662)-Nepomniachtchi,I (2767) Doha 2016}) 8... d5 $146 ({Predecessor:} 8... O-O 9. Nc2 h6 10. b4 cxb4 11. cxb4 a6 12. Bb2 Bg4 13. h3 Be6 14. d4 d5 15. exd5 Nxd5 16. dxe5 Ncxb4 17. Nxb4 Nxb4 {½-½ (30) Mista,A (2564)-Jakubiec,A (2532) Krakow 2011}) 9. exd5 Nxd5 10. Re1 O-O 11. Nc4 Re8 {LiveBook: 12 Games} (11... f6 $1 $11 {keeps the balance.}) 12. Qb3 Nc7 13. Bg5 Qd7 14. Rad1 h6 15. Be3 b6 16. Nfd2 Rb8 (16... Nd5 $11 {remains equal.}) 17. Ne4 $1 $16 (17. Bxc5 $2 bxc5 18. Qa3 (18. Bxc6 $2 Qxc6 19. Qxb8 Bb7 20. Qxe8+ Nxe8 $19) 18... Ne6 $19) 17... Re6 {[#]} ({Better is} 17... Kh7) 18. h4 (18. Nxc5 $1 $16 {[%mdl 512]} bxc5 19. Bxc6 Qxc6 20. Qxb8) 18... Ba6 {[#]} (18... Qe7 $11) 19. h5 (19. Nxc5 $1 $16 {[%mdl 512]} bxc5 20. Bxc6) 19... Kh7 (19... gxh5 $14 20. Nxc5 bxc5 21. Bxc6 Qd8) 20. Bh3 $2 (20. Nxc5 $16 bxc5 21. Bxc6) 20... f5 $11 21. Ned2 b5 (21... Qxd3 22. Na3 $16) (21... Rf8 $1 $11) 22. Na3 $36 {[%mdl 2048] White has some pressure.} b4 23. cxb4 $1 Rxb4 24. Qc3 (24. Qc2 $16) 24... Qxd3 $2 {[%mdl 8192]} (24... Nd5 $11 {and Black is okay.} 25. Qxc5 Rxb2) 25. Qxc5 $18 Qd5 (25... gxh5 $2 26. Nb3 Rg6 27. Rxd3 $18) 26. hxg6+ Kxg6 27. Nb3 (27. Qc2 Bd3 28. Qc1 e4 $11) 27... Qxc5 28. Nxc5 Rf6 (28... Bf8 $142 29. Nxe6 Nxe6) 29. Rd7 f4 30. gxf4 (30. Rxc7 fxe3 31. Rxe3 (31. fxe3 Nb8 32. Nxa6 Rxa6 $18) 31... Nd4 $18) 30... exf4 31. Bd2 Rxb2 32. Bc3 Rxa2 33. Bxf6 Bxf6 34. Rxc7 (34. Bg2 $18 Bd4 35. Rd6+ Kg7 36. Ne4 (36. Rxc6 Bxf2+ 37. Kh1 Bxe1 $16)) 34... Nd4 $16 {[#] Threatens to win with ...Nf3+.} 35. Bg2 ({White should try} 35. Bg4 $1 Rxa3 36. Rxa7) 35... Rxa3 $2 (35... f3 $16) 36. Rxa7 f3 37. Bh3 ({Worse is} 37. Nxa6 Ne2+ 38. Kh1 (38. Kf1 fxg2+ 39. Kxg2 Nf4+ 40. Kg1 Bd4 $11) 38... fxg2+ 39. Kxg2 Nf4+ 40. Kg1 Bd4 $11) (37. Rxa6 $18 Rxa6 38. Nxa6 fxg2 39. Kxg2) 37... Ne2+ {[#]} (37... Ra5 $16) 38. Kh2 $1 $18 Ra5 39. Rxa6 (39. Nxa6 $2 Rh5 40. Rg1+ Nxg1 41. Kxg1 Rxh3 $17) 39... Rxc5 40. Bg4 Kg5 41. Bxf3 Nd4 (41... Be5+ {is a better defense.} 42. Kh1 Rc1 43. Rxc1 Nxc1) 42. Be4 Be5+ 43. Kg2 h5 $2 (43... Nf5 44. Bxf5 Kxf5 45. Rxh6 Bf6 46. Rh5+ Bg5) 44. Rg6+ Kf4 45. Bb1 {Re4+ would kill now.} Nc2 46. Rc1 Na3 47. Rxc5 {White mates.} Nxb1 48. Rh6 Nd2 49. Rxh5 Nf3 50. Rc4+ {Precision: White = 63%, Black = 33%.} 1-0

[Event "Asian Junior-ch 2017-Open"]
[Site "Shiraz"]
[Date "2017.05.04"]
[Round "2.6"]
[White "Daneshvar, Bardiya"]
[Black "Khodashenas, Mersad"]
[Result "1/2-1/2"]
[WhiteElo "2105"]
[BlackElo "2410"]
[Annotator "TA"]
[PlyCount "68"]
[EventDate "2017.??.??"]
[EventType "swiss"]
[EventCountry "IRI"]
[SourceTitle "playchess.com"]
[Source "ChessBase"]
[SourceQuality "1"]

{[%evp 17,68,32,66,50,50,56,92,87,98,87,104,103,118,79,105,70,78,73,74,72,67,60,78,81,70,22,31,33,14,26,31,18,35,23,67,62,79,20,75,78,95,81,61,85,142,142,153,41,80,70,72,97,150]} 1. d4 d6 2. c4 Nd7 3. Nc3 e5 4. Nf3 Ngf6 5. Bg5 Be7 6. e3 O-O 7. Be2 Re8 8. Qc2 c6 9. O-O Qc7 10. Bh4 {A54: Old Indian Defence with Nf3, but without e4} Nf8 11. h3 Ng6 {[#] aiming for ...e4!} 12. Bg3 $1 Bf8 13. Rac1 e4 $146 ({Predecessor:} 13... Qe7 14. b4 e4 15. Nd2 d5 16. b5 Be6 17. bxc6 bxc6 18. Qa4 Bd7 19. Qa6 Rec8 20. Nb3 Qe6 21. cxd5 cxd5 22. Qxe6 Bxe6 23. Ba6 {1-0 (23) Gofshtein,L (2521)-Hohner,K (2005) Nuremberg 2006}) 14. Nd2 {[%cal Rc3e4]} Qe7 15. d5 h5 16. c5 dxc5 17. dxc6 bxc6 18. Na4 {[%cal Ra4c5]} h4 19. Bh2 {[%cal Ra4c5]} Nd5 {[%cal Bf6d5,Bd5b4,Bb4d3][%mdl 32]} 20. Nxc5 {[%cal Rc2e4]} Bf5 21. Kh1 Rad8 22. Ndb3 Nb4 23. Qc4 Nd3 24. Bxd3 exd3 25. Rfd1 {[%cal Rc5d3]} Qf6 26. Qc3 $1 $36 {[%mdl 2048] White is more active.} (26. Nxd3 Bxd3 27. Rxd3 Rxd3 28. Qxd3 Qxf2 $15) 26... Qg5 27. Nd4 (27. Nd2 $16) 27... Rd5 (27... Bxh3 $1 $11 {keeps the balance.} 28. gxh3 Qd5+ 29. Kg1 Qg5+ 30. Kf1 Qd5) 28. Nxd3 $16 Be4 {[%csl Ge4][%cal Rg5g2] [#]} 29. f3 Bxd3 30. Rxd3 Bc5 (30... c5 $142 31. Nc2 Rxd3 32. Qxd3 Qf6) 31. Rcd1 Bxd4 32. Rxd4 ({Don't play} 32. exd4 $6 Re2 33. Rg1 c5 $11) ({White has to play} 32. Qxc6 $16 Rdd8 33. Rxd4) 32... Rxe3 33. Rxd5 ({Don't choose} 33. Qxc6 $2 Rxd4 34. Qc8+ Kh7 $19) 33... cxd5 34. Qd2 d4 {Precision: White = 62%, Black = 49%.} (34... a6 $142) 1/2-1/2

[Event "Asian Junior-ch 2017-Open"]
[Site "Shiraz"]
[Date "2017.05.04"]
[Round "2.7"]
[White "Tran, Minh Thang"]
[Black "Poormosavi, Seyed Kian"]
[Result "1/2-1/2"]
[WhiteElo "2409"]
[BlackElo "2114"]
[Annotator "TA"]
[PlyCount "130"]
[EventDate "2017.??.??"]
[EventType "swiss"]
[EventCountry "IRI"]
[SourceTitle "playchess.com"]
[Source "ChessBase"]
[SourceQuality "1"]

{[%evp 7,130,18,23,19,9,20,55,49,64,50,50,53,54,54,115,111,112,84,76,71,121,118,131,131,125,122,127,132,122,120,114,116,121,115,142,24,62,52,52,0,0,0,0,0,0,0,0,0,10,0,0,0,0,-7,0,-61,-52,-64,0,0,0,0,0,0,0,0,0,0,0,0,0,0,8,0,0,0,0,0,22,16,41,36,51,51,87,87,87,87,87,87,89,51,51,51,48,35,35,35,35,34,34,34,34,35,49,11,11,0,0,0,7,0,8,8,8,8,8,0,0,0,0,0,0,0,8]} 1. d4 Nf6 2. Nf3 e6 3. Bf4 c5 4. e3 b6 5. Nc3 {A47: 1 d4 Nf6 2 Nf3 b6: Torre, London and Colle Systems} (5. Nbd2 Be7 6. h3 O-O 7. c3 Ba6 8. Bxa6 Nxa6 9. O-O Qc8 10. a4 Qb7 11. Qe2 Rfc8 12. Bg5 h6 13. Bh4 {½-½ (55) Kamsky,G (2670)-Dominguez Perez,L (2732) Sochi 2016}) 5... a6 6. d5 d6 7. a4 {White is slightly better.} e5 $146 ({Predecessor:} 7... Nxd5 8. Nxd5 exd5 9. Qxd5 Ra7 {1-0 (9) Nilsen,J (2369)-Djurhuus,E (2149) Oslo 2015}) 8. Bg5 Nbd7 9. e4 h6 10. Be3 g6 (10... Be7 $14) 11. Be2 $16 Bg7 12. O-O O-O 13. Nd2 Qe7 14. Nc4 Rb8 15. f3 Ne8 16. Qd2 Kh7 17. Rfb1 a5 18. Nb5 f5 19. exf5 gxf5 20. c3 Ba6 21. b4 (21. Bd3 $16) 21... axb4 22. cxb4 f4 23. Bf2 (23. Qc2+ $14 e4 24. Bd2) 23... e4 $11 {[%cal Be5e4,Be4e3][%mdl 32]} 24. Ra2 {Hoping for Qc2.} e3 $36 {[%mdl 2048] Black has some pressure.} 25. Qc2+ Kh8 26. Be1 Bxb5 27. axb5 Ne5 28. Bc3 Nxc4 29. Bxc4 cxb4 30. Bxb4 Be5 31. Rb3 (31. Qg6 $11) 31... Ng7 32. Rba3 Rfc8 (32... Rbc8 $15) 33. Qe4 Ne8 34. Ra7 Rc7 35. Rxc7 Qxc7 36. Kf1 Nf6 37. Qd3 Rc8 38. Rc2 Qh7 39. Qxh7+ Nxh7 40. Bd3 Rxc2 41. Bxc2 {[%mdl 4096] Endgame KBB-KBN} Nf6 42. Be4 Kg7 ({Not} 42... Nxe4 43. fxe4 Kg8 44. Ke2 $16) 43. Ke2 h5 ({But not} 43... Nxe4 $6 44. fxe4 h5 45. Be1 $16) 44. Be1 Ne8 ({Much weaker is} 44... Nxe4 $6 45. fxe4 Kf8 46. g3 $16) 45. Bd3 Nc7 46. Bc4 Kg6 {[#]} 47. g3 $1 Ne8 48. gxf4 Bxf4 49. Bh4 {Bd8 is the strong threat.} Nf6 50. Bd3+ Kf7 51. Bg3 (51. Be4 {looks sharper.} Bxh2 52. Kxe3 Kg7 53. Kd4 Be5+ 54. Kd3) 51... Bxg3 52. hxg3 $14 {KB-KN} Kg7 $1 53. Bc4 Kg6 54. Kxe3 Kg5 55. Bb3 Nd7 56. f4+ Kg4 {The position is equal.} 57. Bd1+ Kxg3 {[#] White must now prevent ...Nf6.} 58. Bxh5 Nf6 59. Bf3 (59. Bf7 {is interesting.} Kg4 60. Be6+ Kg3 61. Bc8 Nxd5+ 62. Ke4) 59... Kh4 60. Kf2 Ne8 61. Kg2 Nc7 62. Kf2 Nxb5 63. Ke3 Nc7 64. Ke4 {aiming for Kf5.} Kg3 65. Bh5 {Threatens to win with f5.} Nxd5 {Precision: White = 67%, Black = 70%.} 1/2-1/2

[Event "Asian Junior-ch 2017-Open"]
[Site "Shiraz"]
[Date "2017.05.04"]
[Round "2.8"]
[White "Khademi, Mahdi"]
[Black "Tahbaz, Arash"]
[Result "0-1"]
[WhiteElo "2019"]
[BlackElo "2409"]
[Annotator "TA"]
[PlyCount "84"]
[EventDate "2017.??.??"]
[EventType "swiss"]
[EventCountry "IRI"]
[SourceTitle "playchess.com"]
[Source "ChessBase"]
[SourceQuality "1"]

{[%evp 11,84,47,52,33,39,31,41,39,30,-18,-16,-14,-37,-13,-33,-38,-20,-93,-83,-113,-37,-47,-41,-41,-35,-33,-35,-66,-39,-45,-39,-75,-64,-65,-34,-18,-25,-24,80,72,81,-27,-37,-152,-148,-163,-160,-160,-167,-153,-169,-266,-283,-262,0,-408,-401,-363,-368,-981,-976,-899,-894,-1167,-1154,-1114,-1104,-1828,-1837,-1736,-1712,-5639,-1530,-2172,-2085]} 1. e4 g6 2. d4 Bg7 3. Nc3 c6 4. Nf3 b5 5. Bd3 d6 6. h3 Nd7 7. Bg5 {B06: Modern Defence} (7. O-O Qc7 8. Re1 Bb7 9. Bg5 e5 10. d5 b4 11. dxc6 Bxc6 12. Nd5 Bxd5 13. exd5 Ngf6 14. Bb5 O-O {1-0 (35) Malakhov,V (2694)-Novikov,S (2536) Moscow 2015}) 7... Qc7 8. Qd2 a6 9. O-O {White is slightly better.} Ngf6 10. e5 dxe5 11. dxe5 Nxe5 12. Nxe5 Qxe5 13. Rfe1 Qc7 ({Much worse is} 13... Qc5 14. a4 O-O 15. Be3 $11) 14. Bxf6 $146 (14. a4 $11 {remains equal.} b4 15. Bxf6 Bxf6 16. Ne4 Bxb2 17. Rab1) 14... Bxf6 $17 15. Qh6 Be6 ({Black should try} 15... Bb7 $1 $17 16. a4 O-O-O 17. axb5 axb5) 16. Rad1 $15 O-O-O 17. a4 Kb8 18. axb5 axb5 19. Ra1 Bd4 20. Be4 Qb6 21. Qf4+ Kb7 22. Qf3 Rd6 ({Inferior is} 22... b4 23. Na4 Qc7 24. c3 $18) 23. Bd3 $1 Kc7 24. Ne4 Rd7 (24... Bd5 $11 25. c3 (25. Qg3 Bxe4 26. Rxe4 e5 $17) 25... Be5) 25. c3 {[%mdl 1024] White has strong compensation.} Be5 26. Ra3 ({White has to play} 26. Ng5 $16 Bd5 27. Be4) 26... Rhd8 $11 27. Bc2 (27. Bf1 $1 $15) 27... Bd5 $1 $17 28. Qe2 Bc4 29. Qf3 f5 30. Ng5 Bd6 $40 {[%mdl 128] White is in trouble.} 31. b4 (31. Bb3 $142) 31... e5 $19 32. Rea1 {[#] Threatens to win with Ra6.} e4 $2 {[#]} ({Black should play} 32... Kb7 $1 $19 {Hoping for ...Bb8.} 33. Bxf5 gxf5 34. Qxf5 Be7) 33. Ra7+ $2 {[%mdl 8192]} (33. Nxe4 $1 $11 {[%mdl 512] and White stays safe.} fxe4 34. Bxe4) 33... Kb8 {[%cal Bc7b8,Bb8b7,Bb7a7][%mdl 32]} 34. Ra8+ Kb7 35. R1a7+ $2 (35. Rxd8 Qxd8 36. Bxe4 fxe4 37. Nxe4) 35... Qxa7 {Black is clearly winning.} 36. Rxa7+ Kxa7 37. Bxe4 fxe4 38. Qe3+ Ka8 39. Qb6 Bc7 {[%cal Rd7d1]} 40. Qxc6+ Kb8 {[%cal Rd7d1]} 41. g3 {[#]} e3 $1 {( -> ...exf2+)} 42. fxe3 Rd1+ {Precision: White = 49%, Black = 58%.} 0-1

[Event "Asian Junior-ch 2017-Open"]
[Site "Shiraz"]
[Date "2017.05.04"]
[Round "3.1"]
[White "Tahbaz, Arash"]
[Black "Firouzja, Alireza"]
[Result "0-1"]
[WhiteElo "2409"]
[BlackElo "2487"]
[Annotator "TA"]
[PlyCount "68"]
[EventDate "2017.??.??"]
[EventType "swiss"]
[EventCountry "IRI"]
[SourceTitle "playchess.com"]
[Source "ChessBase"]
[SourceQuality "1"]

{[%evp 24,68,22,19,31,0,16,-20,-34,-19,27,19,23,9,47,50,68,29,20,23,0,0,34,28,89,0,0,0,0,-6,0,-15,-6,-24,0,0,27,0,80,80,78,74,151,-912,-916,-904,-904]} 1. e4 c5 2. Nf3 d6 3. d4 cxd4 4. Nxd4 Nf6 5. Nc3 Nc6 6. f3 e5 7. Nb3 Be7 8. Be3 O-O 9. Qd2 a5 10. Bb5 Na7 11. Be2 Be6 12. Rd1 Nc6 13. Bb5 Na7 {B56: Classical Sicilian: Unusual Lines} 14. Be2 (14. Bd3 {feels hotter.} Nc8 15. Qf2 a4 16. Nc1 Nd7 17. O-O) 14... Nc8 15. Nd5 Bxd5 {The position is equal.} 16. exd5 {[#]} Nd7 $146 ({Predecessor (18):} 16... a4 17. Nc1 Qc7 18. b3 Nb6 19. c4 Nfd7 20. O-O axb3 21. axb3 {1-0 (37) Zherebukh,Y (2565)-Adhiban,B (2530) Chennai 2011}) 17. a4 h6 18. Bb5 b6 19. O-O Bg5 20. Bxg5 hxg5 21. Bxd7 Qxd7 22. Qxg5 Qxa4 23. f4 Qe8 (23... f6 $1 $11 24. Qg4 f5) 24. f5 (24. fxe5 $16 {Black must now prevent e6.} Qxe5 25. Qh4 (25. Qxe5 dxe5 26. d6 Rd8 $11)) 24... f6 $11 25. Qh4 a4 26. Nd2 a3 27. bxa3 Rxa3 28. Ne4 Qb5 29. c4 Qb3 30. h3 (30. Rb1 $5 {[%cal Rb1b3]} Qc2 31. Rbc1 $14 (31. Ra1 Rxa1 32. Rxa1 b5 33. cxb5 Qd3 $15)) 30... Ra4 (30... b5 $11 {keeps the balance.}) 31. Rc1 $16 {[#] And now Rc3 would win.} Qe3+ 32. Kh2 Ra3 (32... Qh6 $142 33. Qg4 Rf7) 33. Rf3 $2 (33. Rc2 $16 Qh6 34. Qxh6 gxh6 35. Rf3 Rxf3 36. gxf3) 33... Qxc1 $19 34. Rxa3 Qxa3 {Precision: White = 24%, Black = 66%.} 0-1

[Event "Asian Junior-ch 2017-Open"]
[Site "Shiraz"]
[Date "2017.05.04"]
[Round "3.2"]
[White "Mosadeghpour, Masoud"]
[Black "Mohammad Nubairshah Shaikh"]
[Result "1-0"]
[WhiteElo "2444"]
[BlackElo "2408"]
[Annotator "TA"]
[PlyCount "73"]
[EventDate "2017.??.??"]
[EventType "swiss"]
[EventCountry "IRI"]
[SourceTitle "playchess.com"]
[Source "ChessBase"]
[SourceQuality "1"]

{[%evp 25,73,0,1,0,29,30,52,54,95,92,95,105,204,195,188,192,237,235,219,220,227,223,216,223,325,312,318,301,333,314,493,493,485,482,831,878,874,843,1509,1587,1370,938,1169,1179,1018,1024,1347,1329,5904,643]} 1. e4 Nf6 2. e5 Nd5 3. d4 d6 4. Nf3 Bg4 5. Be2 e6 6. c4 Nb6 7. Nc3 Be7 8. O-O O-O 9. h3 Bh5 10. exd6 cxd6 11. Be3 d5 12. c5 Bxf3 13. Bxf3 Nc4 14. Bf4 {B05: Alekhine's Defence: 4 Nf3 Bg4} (14. Bc1 Nc6 15. b3 N4a5 16. Bb2 Bf6 17. Na4 b5 18. cxb6 axb6 19. Be2 Rb8 20. Bb5 Qd6 21. Qd2 Rfc8 22. Rfd1 {0-1 (35) Petrisor,A (2377)-Berkes,F (2645) Calimanesti Caciulata 2016}) 14... Bg5 15. b3 Na5 16. Bd6 {White is slightly better.} Be7 $146 ({Predecessor:} 16... Re8 17. Nb5 Na6 18. a3 Qd7 19. Be2 Nc6 20. b4 Bf6 21. Rc1 Rac8 {1-0 (59) Zhang,X (2376)-Enkhtuul,A (2117) Guimaraes 2012}) 17. Bxe7 Qxe7 18. b4 Nc4 {[#]} (18... Nac6 $16) 19. Nxd5 $1 $18 {[%mdl 512]} exd5 20. Bxd5 Na3 21. Qd3 {[%mdl 1024] White has strong compensation.} Qd7 22. Be4 f5 {[#]} 23. Bf3 $1 Nb5 24. Rfd1 a5 (24... Rf7 {was worth a try.} 25. a4 Nxd4) 25. Qc4+ ({Much less strong is} 25. a4 $6 Nc7 $18) 25... Kh8 26. a4 Nc7 27. b5 {[%cal Bb4b5,Bb5b6][%mdl 32]} ({But not} 27. Bxb7 Ra7 $18) 27... Ne6 {[#]} (27... Nc6 {keeps fighting.} 28. bxc6 bxc6) 28. Bxb7 $1 {[%mdl 512] White is clearly winning.} Qxb7 29. Qxe6 Qc8 (29... Qd7 $142 30. d5 Re8) 30. Qxc8 Rxc8 31. b6 Rc6 32. d5 Rxc5 33. b7 Ra7 34. Rac1 Rxb7 35. Rxc5 {[%cal Rc5c8]} Kg8 36. d6 Kf8 37. Rc8+ {Precision: White = 100%, Black = 48%.} 1-0

[Event "Asian Junior-ch 2017-Open"]
[Site "Shiraz"]
[Date "2017.05.04"]
[Round "3.3"]
[White "Gholami Orimi, Mahdi"]
[Black "Mousavi, Seyed Khalil"]
[Result "1/2-1/2"]
[WhiteElo "2256"]
[BlackElo "2435"]
[Annotator "TA"]
[PlyCount "39"]
[EventDate "2017.??.??"]
[EventType "swiss"]
[EventCountry "IRI"]
[SourceTitle "playchess.com"]
[Source "ChessBase"]
[SourceQuality "1"]

{[%evp 22,39,0,-23,-23,-17,0,-46,19,21,24,28,44,37,28,26,17,18,19,24]} 1. d4 d5 2. Nf3 Nf6 3. e3 c5 4. c3 Nbd7 5. Nbd2 e6 6. Bd3 Bd6 7. O-O O-O 8. e4 cxd4 9. cxd4 dxe4 10. Nxe4 Nxe4 11. Bxe4 Nf6 12. Bc2 {LiveBook: 3 Games. D05: Colle System with ...e6} b6 13. Bg5 Bb7 (13... Ba6 $5 {[%cal Ra6f1]}) 14. Re1 Be7 ({Better is} 14... Rc8 $15 15. Qd3 {[#]} Ba6 $1 {[%mdl 512]} 16. Qxa6 Rxc2) 15. Qd3 $11 {[#] Strongly threatening Bxf6.} g6 16. Bh6 Re8 17. Ba4 Nd7 {And now ...Nc5! would win.} 18. Qb5 Bxf3 19. gxf3 $146 ({Predecessor (2):} 19. Qxd7 Qxd7 20. Bxd7 Red8 21. Bxe6 Bb4 22. Re5 {½-½ (22) Welling,G (2355)-Kjartansson,G (2491) Reykjavik 2015}) 19... Nf6 20. Qe5 1/2-1/2